[Event "Gonzaga Classic Masters 2020"]
[Site "Dublin/"]
[Date "2020.01.25"]
[Round "3.2"]
[White "Margolin, Boris"]
[Black "Meier, Georg"]
[Result "1/2-1/2"]
[WhiteElo "2396"]
[BlackElo "2629"]
[Annotator "TA"]
[PlyCount "60"]
[EventDate "2020.01.24"]
[EventType "swiss"]
[EventCountry "IRL"]
[SourceTitle "playchess.com"]
[Source "ChessBase"]
[SourceQuality "1"]

{[%evp 9,60,45,54,44,58,28,20,-16,-15,-17,2,-61,30,10,69,32,33,37,79,66,76,30,66,35,52,0,0,0,30,23,30,35,87,0,0,0,7,0,10,11,28,20,26,13,7,15,52,54,60,38,56,10,33]} 1. e4 e6 2. d4 d5 3. exd5 exd5 4. Nf3 Bf5 5. Bd3 Ne7 (5... Bxd3 6. Qxd3 Qe7+ 7. Be3 Nc6 8. O-O O-O-O 9. c3 f6 10. b4 Qf7 11. Nbd2 Qg6 12. Qe2 Nge7 13. Nb3 {0-1 (56) Salgado Lopez,I (2605)-Morozevich,A (2659) Moscow 2019}) 6. O-O {C01: French: Exchange Variation} Nbc6 7. b3 $146 ({Predecessor:} 7. Re1 Qd7 8. b4 a6 9. b5 axb5 10. Bxb5 f6 11. c4 Bxb1 12. Rxb1 Kd8 13. a4 {1-0 (23) Perez Ponsa,F (2542)-Dolezal,C (2411) Caba 2018}) 7... Qd7 8. Ba3 O-O-O 9. Re1 Ng6 10. g3 (10. Bxf8 $11 Rhxf8 11. Bxf5 Qxf5 12. Nc3) 10... Bb4 (10... Bg4 $15) 11. c3 Ba5 (11... Bxd3 $11 12. Qxd3 Bxa3 13. Nxa3 Qg4) 12. Qc2 Bxd3 13. Qxd3 Qg4 14. b4 Bb6 15. Nbd2 {[%cal Bb1d2,Bd2f1,Bf1e3][%mdl 32]} Rhe8 16. Rxe8 Rxe8 17. Re1 (17. b5 $14 Nd8 18. Bb4) 17... Rxe1+ $11 18. Nxe1 a6 (18... Nf4 $5 {[%cal Rf4d3]} 19. Qe3 Nh3+ 20. Kg2 Nd8 $14) 19. Nf1 Nce7 20. b5 axb5 (20... Qe4 $14 21. Qxe4 dxe4) 21. Bxe7 (21. Ne3 $16 Qd7 22. Bxe7 Qxe7 23. Qxb5) 21... Nxe7 22. Ne3 Qh3 23. Qxb5 $40 {[%cal Rb5e8][%mdl 128] [#] White mounts an attack.} Qd7 24. Qb3 Ba7 25. Nd3 c6 26. Qa3 Kb8 27. Ne5 Qe6 28. Qa5 b6 29. Qb4 {[#] Black must now prevent Qxe7!} Kc7 30. a4 f6 {Accuracy: White = 40%, Black = 35%.} 1/2-1/2

[Event "Gonzaga Classic Masters 2020"]
[Site "Dublin/"]
[Date "2020.01.25"]
[Round "3.4"]
[White "Tiviakov, Sergei"]
[Black "Carroll, Peter"]
[Result "1-0"]
[WhiteElo "2608"]
[BlackElo "2087"]
[Annotator "TA"]
[PlyCount "77"]
[EventDate "2020.01.24"]
[EventType "swiss"]
[EventCountry "IRL"]
[SourceTitle "playchess.com"]
[Source "ChessBase"]
[SourceQuality "1"]

{[%evp 15,77,20,21,19,42,30,51,30,39,33,65,100,103,117,102,110,142,149,129,100,114,79,84,86,71,73,73,80,76,70,61,58,87,79,79,87,87,87,87,82,77,118,357,75,67,25,13,0,77,82,479,481,469,457,439,397,393,388,394,379,355,362,410,420]} 1. e4 c5 2. Nc3 a6 3. Nge2 e6 4. d4 cxd4 5. Nxd4 Qc7 6. Bd3 Nc6 7. Nxc6 dxc6 8. O-O Nf6 9. f4 {B43: Sicilian: Kan Variation: 5 Nc3} b5 (9... e5 10. Kh1 Bd6 11. f5 b5 12. a4 Bb7 13. Be3 h5 14. axb5 axb5 15. Rxa8+ Bxa8 16. Bxb5 Bb4 17. Nd5 Nxd5 18. Qxd5 {1-0 (33) Najer,E (2682)-Artemiev,V (2682) Sochi 2017}) 10. e5 Nd5 11. Ne4 {White is slightly better.} c5 12. c4 Nb4 $146 ({Predecessor:} 12... Nb6 13. b3 bxc4 14. bxc4 Bb7 15. Rb1 {1-0 (15) Kliszek,J-Csiri,L corr 1992}) 13. Be2 Bb7 14. Nd6+ $1 Bxd6 15. exd6 (15. Qxd6 Qxd6 16. exd6 Nc2 $15) 15... Qc6 {[%csl Gb7][%cal Rc6g2]} 16. Bf3 Qd7 17. a3 Bxf3 18. Rxf3 ({Of course not} 18. gxf3 $6 Nc6 $14) 18... Nc6 19. Be3 bxc4 20. Bxc5 Na5 21. Qd4 O-O 22. Rd1 Rac8 23. Rg3 {[%csl Gg3][%cal Rd4g7]} f6 {Threatening ...Nb3.} 24. Bb4 Nb3 25. Qe4 $1 a5 26. Bc3 Rc6 27. Re3 Re8 28. Rh3 f5 $2 {[#]} (28... h6 $16 {might work better.}) 29. Qe5 $2 (29. Qe2 $1 $18 {is the precise move to win. Strongly threatening Bxg7!} Rf8 30. Qh5) 29... Rc5 $16 30. Qe2 Rd5 31. Re1 Rxd6 {[#]} (31... Nd4 $11 {keeps the balance.} 32. Qxc4 Rc8) 32. Bxg7 $1 {[%mdl 512] aiming for Qh5.} Kxg7 $2 {[%mdl 8192]} ({Avoid the trap} 32... Qa7+ $2 33. Kh1 $18) (32... Rd3 $16 {is a better chance.} 33. Bc3 Qa7+ 34. Kh1 Rxh3 35. gxh3 Qb7+ 36. Kg1 Qb6+ 37. Kf1 Qc7) (32... Qxg7 33. Rg3) 33. Qe5+ $18 Kg8 {Hoping for ...Qa7+.} 34. Rg3+ Kf8 {And now ...Qa7+ would win.} 35. Qh8+ Ke7 {White is winning.} 36. Rg7+ {[%mdl 64] Double Attack, Skewer} Kf6 37. Rxd7+ {[%mdl 64] Discovered Attack} Rxh8 38. Rxd6 Re8 39. Rc6 {Accuracy: White = 69%, Black = 46%.} 1-0

[Event "Gonzaga Classic Masters 2020"]
[Site "Dublin/"]
[Date "2020.01.25"]
[Round "3.5"]
[White "Lalic, Bogdan"]
[Black "Fitzsimons, David"]
[Result "1/2-1/2"]
[WhiteElo "2402"]
[BlackElo "2317"]
[Annotator "TA"]
[PlyCount "43"]
[EventDate "2020.01.24"]
[EventType "swiss"]
[EventCountry "IRL"]
[SourceTitle "playchess.com"]
[Source "ChessBase"]
[SourceQuality "1"]

{[%evp 29,31,38,22,33]} 1. d4 d5 2. c4 e6 3. Nf3 Nf6 4. g3 c5 5. cxd5 exd5 6. Bg2 Nc6 7. O-O Be7 8. dxc5 Bxc5 9. Bg5 O-O 10. Nc3 d4 11. Bxf6 Qxf6 12. Nd5 Qd8 13. Nd2 Re8 14. Rc1 Bb6 15. Nc4 Bg4 16. Re1 {[#] D34: Tarrasch Defence: 6 g3 Nf6 7 Bg2 Be7} {Predecessor:} Ba5 $146 17. Nxa5 Qxa5 18. b4 Nxb4 19. Qxd4 Nxd5 20. Qxd5 Qxd5 21. Bxd5 Re7 22. f3 {½-½ (22) Sargsyan,S (2461)-Petrosian,T (2606) Yerevan 2018} 1/2-1/2

[Event "Gonzaga Classic Masters 2020"]
[Site "Dublin/"]
[Date "2020.01.25"]
[Round "3.6"]
[White "Turner, Matthew J"]
[Black "Haque, Muhtarim-Ul"]
[Result "1-0"]
[WhiteElo "2521"]
[BlackElo "2045"]
[Annotator "TA"]
[PlyCount "51"]
[EventDate "2020.01.24"]
[EventType "swiss"]
[EventCountry "IRL"]
[SourceTitle "playchess.com"]
[Source "ChessBase"]
[SourceQuality "1"]

{[%evp 20,51,22,0,32,31,70,46,145,152,162,150,161,139,155,100,189,192,203,198,203,204,562,522,713,701,662,584,584,569,1161,1144,1114,1100]} 1. d4 Nf6 2. Nf3 g6 3. g3 Bg7 4. c4 O-O 5. Bg2 d5 6. O-O c6 7. cxd5 cxd5 8. Nc3 Nc6 9. Ne5 e6 10. f4 Nd7 11. Be3 Ndxe5 {D79: Fianchetto Grünfeld: Symmetrical Variation (6 0-0 c6 7 cxd5 cxd5)} (11... f6 12. Nd3 Nb6 13. b3 Qe7 14. Rc1 Bd7 15. Nc5 Be8 16. Bf2 f5 17. Qd2 Bf7 18. e3 Nc8 19. Rc2 Nd6 20. Rfc1 {0-1 (38) Korobov,A (2668)-Aravindh,C (2605) Moscow 2019}) 12. dxe5 Bd7 $146 ({Predecessor:} 12... f6 13. Bc5 Rf7 14. exf6 Bxf6 15. e4 Qa5 16. Bf2 d4 17. e5 Bxe5 18. fxe5 dxc3 19. bxc3 {1-0 (78) Ju,W (2515)-Dimakiling,O (2414) Kuala Lumpur 2011}) 13. Bf2 Na5 (13... f6 $14) 14. e4 $16 dxe4 15. Nxe4 Bc6 16. Qe2 Bxe4 17. Bxe4 (17. Qxe4 $142 {Hoping for b4.} Rc8 18. Rad1 (18. Bxa7 b6 $16)) 17... Re8 {[#]} (17... Nc6 $16 18. a3 Rc8) 18. b4 $1 $18 Nc6 19. b5 Na5 20. Rac1 {aiming for Rfd1.} a6 $2 (20... Rc8 21. Bxa7 Bf8) 21. bxa6 {White is clearly winning.} bxa6 22. Rfd1 Qb8 23. Qd2 Nb7 24. Qd7 Na5 25. Rc7 Rf8 26. Bc5 {Accuracy: White = 100%, Black = 26%.} 1-0

[Event "Gonzaga Classic Masters 2020"]
[Site "Dublin/"]
[Date "2020.01.25"]
[Round "3.7"]
[White "Saric, Ante"]
[Black "Murray, David"]
[Result "1-0"]
[WhiteElo "2559"]
[BlackElo "2140"]
[Annotator "TA"]
[PlyCount "85"]
[EventDate "2020.01.24"]
[EventType "swiss"]
[EventCountry "IRL"]
[SourceTitle "playchess.com"]
[Source "ChessBase"]
[SourceQuality "1"]

{[%evp 13,85,42,46,10,14,16,17,0,0,-41,-46,-99,-73,-67,0,-8,0,-14,-2,0,0,-16,37,35,42,42,56,35,35,35,55,42,49,36,45,30,52,30,47,33,31,33,42,43,39,42,60,68,166,55,98,100,120,114,107,56,56,56,56,57,964,887,819,850,717,400,12837,12836,12838,1219,12839,12839,12839,12839]} 1. Nf3 Nf6 2. g3 g6 3. b3 Bg7 4. Bb2 O-O 5. Bg2 d6 6. d4 c5 7. c4 Qa5+ 8. Qd2 {E60: King's Indian: Unusual lines and Fianchetto Variation without Nc3} (8. Bc3 Qc7 9. O-O Ne4 10. Bb2 Nc6 11. Nbd2 Bf5 12. e3 Qa5 13. Nxe4 Bxe4 14. Ne1 Bxg2 15. Kxg2 cxd4 16. exd4 {½-½ (119) Andreikin,D (2725)-Ponkratov,P (2630) chess.com INT 2019}) 8... Qxd2+ 9. Nbxd2 Nfd7 10. O-O-O {The position is equal.} a5 11. Nb1 a4 12. dxc5 $146 (12. Nc3 $15) ({Predecessor:} 12. Na3 axb3 13. axb3 Nc6 14. d5 Nb4 15. Bxg7 Kxg7 {0-1 (24) Neiksans,A (2590)-Pavlidis,A (2539) Katowice 2017}) 12... axb3 13. axb3 {[#] Strongly threatening Bxg7.} Nxc5 (13... Bh6+ $1 $15 14. e3 Nxc5) 14. Bxg7 $11 Kxg7 15. Kb2 $1 Nc6 16. Nc3 Be6 17. Nd2 Ra5 ({Black should play} 17... Nd4 $11) 18. Ra1 $14 {Hoping for Rxa5.} Rxa1 19. Rxa1 Rb8 20. Nde4 (20. Nb5 {with more complications.} Bd7 21. Kc3 Ne6 22. f4 Ncd8 23. b4) 20... Nxe4 21. Bxe4 f6 22. Nb5 Kf7 23. Kc3 Rc8 24. h4 h6 25. e3 f5 26. Bg2 Kf6 27. Nd4 Bd7 28. Nxc6 Bxc6 29. Bxc6 Rxc6 {[%mdl 4096] Endgame KR-KR} 30. Ra5 b6 (30... g5 $14) 31. Rb5 (31. Ra6 $18) 31... e6 32. Kd4 g5 33. hxg5+ hxg5 34. e4 (34. Kd3 $16) 34... fxe4 $1 35. Kxe4 Kg6 $1 36. Kf3 d5 $2 {[%mdl 8192] [#]} (36... Kf6 $14) 37. cxd5 $18 exd5 38. Rxd5 Kh5 39. Kg2 Re6 (39... Rc3 $142 40. Rb5 Rc2 41. Rxb6 Kg4) 40. f4 {White is clearly winning.} Re3 41. Rxg5+ Kh6 42. Rb5 Re6 43. Kf3 {Accuracy: White = 53%, Black = 47%.} 1-0

[Event "Gonzaga Classic Masters 2020"]
[Site "Dublin/"]
[Date "2020.01.25"]
[Round "3.8"]
[White "Collins, Sam E."]
[Black "Jackson, Carl"]
[Result "1-0"]
[WhiteElo "2446"]
[BlackElo "2074"]
[Annotator "TA"]
[PlyCount "35"]
[EventDate "2020.01.24"]
[EventType "swiss"]
[EventCountry "IRL"]
[SourceTitle "playchess.com"]
[Source "ChessBase"]
[SourceQuality "1"]

{[%evp 14,35,34,27,35,35,47,40,90,78,94,91,150,153,429,396,351,301,943,990,941,889,1283,1267]} 1. e4 c5 2. Nc3 Nc6 3. Bb5 d6 4. Bxc6+ bxc6 5. f4 g6 6. Nf3 Bg7 7. d3 Rb8 8. O-O Bg4 {B23: Closed Sicilian: Lines without g3} 9. h3 Bxf3 10. Qxf3 Bd4+ $146 {White is slightly better.} ({Predecessor:} 10... Qd7 11. f5 Nf6 12. Rb1 O-O 13. b3 Ne8 14. Bd2 Nc7 15. Ne2 {1-0 (41) Maiwald,J (2514)-Borriss,M (2439) Germany 2004}) 11. Kh1 e6 12. f5 {[#] aiming for fxg6.} Kd7 (12... Qd7 $142) 13. Ne2 $36 {[%mdl 2048] White is in control.} Bxb2 $2 (13... Bf6 $16 {was necessary.}) 14. Bxb2 Rxb2 15. d4 Rxc2 $2 (15... exf5 16. dxc5 Nf6) 16. fxe6+ $18 {White is clearly winning.} fxe6 17. Qb3 {[#] Threatens to win with Qb7+.} Qb6 18. Qxc2 1-0

[Event "Gonzaga Classic Masters 2020"]
[Site "Dublin/"]
[Date "2020.01.25"]
[Round "3.9"]
[White "Dwyer, Daniel"]
[Black "Kanyamarala, Tarun"]
[Result "0-1"]
[WhiteElo "2133"]
[BlackElo "2320"]
[Annotator "TA"]
[PlyCount "28"]
[EventDate "2020.01.24"]
[EventType "swiss"]
[EventCountry "IRL"]
[SourceTitle "playchess.com"]
[Source "ChessBase"]
[SourceQuality "1"]

{[%evp 16,36,-16,-22,-16,-16,-20,-43,-34,-44,-17,-19,-28,-89,-74,-116,-116,-108,-90,-281,-281,-620,-612]} 1. e4 c5 2. Nc3 Nc6 3. f4 g6 4. Nf3 Bg7 5. d3 e6 6. g3 d5 7. Bg2 Nge7 8. O-O O-O 9. Qe1 Nd4 {B24: Closed Sicilian: 3 g3 sidelines} (9... Rb8 10. e5 b5 11. a3 a5 12. a4 b4 13. Nb5 Ba6 14. Nd6 f5 15. exf6 Rxf6 16. Nb5 Bxb5 17. axb5 Rxb5 {1-0 (42) Liu,G (2462)-Peng,X (2410) Shenzhen 2017}) 10. Nxd4 cxd4 11. Ne2 dxe4 {Black is slightly better.} 12. dxe4 Qb6 {[#] White must now prevent ...d3+.} 13. Kh1 Bd7 14. Qd1 $146 (14. c3 $11) ({Predecessor:} 14. g4 Rac8 15. Qh4 Rfe8 16. Ng3 f5 17. exf5 exf5 {0-1 (33) Petrov,V (1991)-Sirosh,I (1889) Prague 2012}) 14... Ba4 {Played: Bd7-b5} 0-1

[Event "Gonzaga Classic Masters 2020"]
[Site "Dublin/"]
[Date "2020.01.25"]
[Round "3.10"]
[White "O`Donnell, Conor"]
[Black "Manojlovic, Mihailo"]
[Result "1-0"]
[WhiteElo "2307"]
[BlackElo "2011"]
[Annotator "TA"]
[PlyCount "69"]
[EventDate "2020.01.24"]
[EventType "swiss"]
[EventCountry "IRL"]
[SourceTitle "playchess.com"]
[Source "ChessBase"]
[SourceQuality "1"]

{[%evp 17,69,42,49,44,54,29,47,20,25,24,20,16,35,18,32,30,26,13,6,0,0,0,0,0,0,0,0,0,0,0,0,0,0,4,90,20,127,27,56,31,16,5,0,0,39,23,805,791,844,811,1127,951,2269,1039]} 1. d4 Nf6 2. c4 g6 3. f3 Bg7 4. e4 d6 5. Nc3 O-O 6. Be3 Nc6 7. Nge2 a6 8. Qd2 Rb8 9. Rc1 Bd7 10. Nd1 {E84: King's Indian: Sämisch Panno: 7 Nge2 a6 8 Qd2 Rb8} e5 (10... Re8 11. Nf2 b5 12. c5 dxc5 13. Rxc5 e5 14. d5 Ne7 15. Rc1 c6 16. dxc6 Nxc6 17. Nd3 Qe7 {½-½ (33) Vidit,S (2707)-Amin,B (2707) Danzhou 2019}) 11. d5 Ne7 12. Ng3 {White is slightly better.} Ne8 13. Bd3 f5 14. exf5 Nxf5 15. Bg5 $146 ({Predecessor:} 15. Nxf5 gxf5 16. O-O Nf6 17. Qc2 e4 18. fxe4 fxe4 {½-½ (30) Rozycki,B (2157)-Kanarkiewicz,M (2066) Szklarska Poreba 2017}) 15... Bf6 16. Bxf6 Qxf6 17. Nxf5 gxf5 18. O-O Ng7 19. f4 Nh5 20. fxe5 dxe5 21. c5 Kh8 22. Ne3 Nf4 23. Bc4 Qg5 24. Rce1 Rg8 {Threatens to win with ...Nxg2!} 25. Kh1 {And now c6! would win.} Rg6 {[#]} (25... Rg7 $11) 26. Rf2 (26. Qc3 $1 $16 {[%cal Rc3e5]} Re8 27. g3) 26... Rbg8 (26... Rh6 $11 {keeps the balance.}) 27. Qc3 (27. d6 $16 Rc8 28. dxc7 Rxc7 29. Qc3 (29. Nd5 Nxd5 30. Qxd5 Bc6 $16)) 27... Re8 $1 $11 28. b4 Qh4 29. Nd1 Qf6 $1 30. Ne3 Qh4 31. Rf3 {Strongly threatening g3.} Reg8 $2 {[%mdl 8192]} (31... Rh6 $11 32. Nf1 Qf6) 32. Qxe5+ $18 {White is clearly winning.} R8g7 33. g3 {[%mdl 64] [#] Double Attack} ({And not} 33. Rxf4 Qxe1+ 34. Rf1 Qxb4 $15) 33... Qh5 34. Qxf4 c6 35. d6 {Accuracy: White = 49%, Black = 48%.} 1-0

[Event "Gonzaga Classic Masters 2020"]
[Site "Dublin/"]
[Date "2020.01.25"]
[Round "3.11"]
[White "Delaney, Killian"]
[Black "Suleiman AlMousa"]
[Result "1-0"]
[WhiteElo "2278"]
[BlackElo "1997"]
[Annotator "TA"]
[PlyCount "89"]
[EventDate "2020.01.24"]
[EventType "swiss"]
[EventCountry "IRL"]
[SourceTitle "playchess.com"]
[Source "ChessBase"]
[SourceQuality "1"]

{[%evp 23,89,34,41,32,43,23,22,19,19,2,22,16,42,5,23,16,31,27,85,77,81,63,75,77,125,120,92,24,13,0,194,190,186,167,220,209,197,200,232,238,212,181,212,170,230,235,353,337,510,499,1020,982,977,908,980,966,883,873,1268,816,1559,1559,2264,2116,29980,29981,29979,29980]} 1. Nf3 Nf6 2. c4 c5 3. g3 b6 4. Bg2 Bb7 5. O-O e6 6. Nc3 Be7 7. Re1 Ne4 8. Nxe4 Bxe4 9. d3 Bb7 10. e4 O-O 11. d4 cxd4 12. Nxd4 d6 13. Be3 {A17: English Opening: 1...Nf6 with ...Bb4} (13. b3 a6 14. Bb2 Nd7 15. e5 Bxg2 16. exd6 Bxd6 17. Kxg2 Qc7 18. Qf3 Ne5 19. Qe4 Rae8 20. Rad1 f5 {1-0 (28) Predke,A (2676)-Sarana,A (2663) Moscow 2019}) 13... a6 14. a3 Nd7 15. Rc1 {The position is equal.} Rc8 16. f4 Re8 $146 ({Predecessor:} 16... Rc7 17. f5 e5 18. Ne2 Qa8 19. Qd3 Rfc8 20. b3 {½-½ (44) Von Buelow,G (2391)-Galati,M (2134) Laranjeiras 2012}) 17. b4 Qc7 18. f5 e5 19. Ne2 Qb8 20. Qd3 b5 (20... Bc6 $11 {keeps the balance.}) 21. cxb5 $16 axb5 22. Qxb5 Nf6 23. Nc3 Qa8 24. Qa5 Ng4 25. Bb6 ({Better is} 25. Bd2 $1 $16) 25... Bg5 26. Rc2 Rxc3 $2 (26... Qxa5 $11 27. bxa5 Ba6) 27. Rxc3 $18 {Rc7 is the strong threat.} Bd2 28. Rec1 Nf6 {[#]} (28... g6 $142) 29. a4 $1 Bxc3 30. Rxc3 $40 {[%mdl 128] White wants a kill.} Bxe4 31. Qxa8 Rxa8 {[#]} 32. Bxe4 $1 Nxe4 {[%mdl 4096] Endgame KRB-KRN} 33. Rc7 d5 (33... Nf6 {was called for.}) 34. a5 g6 (34... Kf8 $142 35. b5 Ke8) 35. fxg6 hxg6 (35... fxg6 $142 36. Re7 Nd2) 36. Rd7 d4 (36... Kf8 $142 37. Rxd5 Re8) 37. Kf1 Kf8 38. Rd8+ Rxd8 39. Bxd8 {KB-KN} Nc3 40. a6 {[%cal Ba5a6,Ba6a7][%mdl 32]} d3 41. Ke1 {aiming for a7.} e4 42. Bb6 Nd5 43. Bc5+ Ke8 44. a7 Nc7 {[#]} 45. b5 $1 {[%mdl 512] Accuracy: White = 73%, Black = 29%.} 1-0

[Event "Gonzaga Classic Masters 2020"]
[Site "Dublin/"]
[Date "2020.01.25"]
[Round "3.12"]
[White "Daly, Colm"]
[Black "Putar, Leon"]
[Result "1-0"]
[WhiteElo "2238"]
[BlackElo "1845"]
[Annotator "TA"]
[PlyCount "64"]
[EventDate "2020.01.24"]
[EventType "swiss"]
[EventCountry "IRL"]
[SourceTitle "playchess.com"]
[Source "ChessBase"]
[SourceQuality "1"]

{[%evp 20,64,28,32,17,14,16,12,98,68,202,226,379,277,452,452,586,586,586,564,575,574,583,585,560,509,495,495,639,604,814,800,1491,1458,1752,1731,1555,1416,29976,29977,29976,29975,29981,29971,12828,6091,5732]} 1. d4 Nf6 2. Nf3 g6 3. c4 Bg7 4. Nc3 d5 5. cxd5 Nxd5 6. e4 Nxc3 7. bxc3 c5 8. Be3 O-O 9. Rc1 Qa5 10. Qd2 cxd4 11. cxd4 Qxd2+ {D85: Exchange Grünfeld: Unusual White 7th moves and lines with 7 Nf3} 12. Bxd2 (12. Nxd2 Rd8 13. Nf3 Nc6 14. d5 Nb4 15. Bd2 Na6 16. Bg5 Kf8 17. Bxa6 bxa6 18. O-O Rb8 19. Rc7 Rd7 20. Rc6 Rdb7 21. Bf4 Ra8 22. Rfc1 Bd7 {1-0 (58) Carlsen,M (2875)-Mamedyarov,S (2774) Stavanger 2019}) 12... Bg4 13. d5 f5 (13... Nd7 $11 {keeps the balance.}) 14. h3 $146 ({Predecessor:} 14. Ng5 fxe4 15. Bc4 Bd4 16. d6+ Kg7 17. dxe7 Re8 18. Be6 e3 19. fxe3 {½-½ (58) Savina,A (2384)-Alekseeva,I (2161) Kolomna 2016}) 14... Bh5 (14... Bxf3 $14 15. gxf3 Nd7) 15. Ng5 $18 Na6 $2 (15... Nd7 16. d6 Nb6) 16. Bc4 {Threatens to win with d6+.} Kh8 $2 {[#]} (16... Rfc8 {keeps fighting.} 17. f3 b5) 17. g4 $1 {[%mdl 512]} h6 (17... fxg4 18. hxg4) 18. Ne6 ({Not} 18. gxh5 hxg5 19. hxg6 (19. Bxg5 Bf6 $16) 19... fxe4 $18) 18... fxg4 19. Nxg7 Kxg7 20. hxg4 Bxg4 21. Bxh6+ Kf6 {If only Black now had time for ...Rh8....} 22. Bxf8 Rxf8 23. Be2 Bd7 24. f4 e6 25. e5+ Kg7 26. Bxa6 bxa6 {[%mdl 4096] Endgame KRR-KRB} 27. Rc7 {[%mdl 64] Double Attack} Rf7 28. d6 Bb5 {[#]} 29. Rh7+ $1 {[%mdl 576] Deflection} Kxh7 30. Rxf7+ Kg8 31. Rxa7 Kf8 32. a3 Ke8 {Accuracy: White = 80%, Black = 17%.} 1-0

[Event "Gonzaga Classic Masters 2020"]
[Site "Dublin/"]
[Date "2020.01.25"]
[Round "3.14"]
[White "Kanyamarala, Trisha"]
[Black "Rush, Stephen"]
[Result "1-0"]
[WhiteElo "2195"]
[BlackElo "1987"]
[Annotator "TA"]
[PlyCount "43"]
[EventDate "2020.01.24"]
[EventType "swiss"]
[EventCountry "IRL"]
[SourceTitle "playchess.com"]
[Source "ChessBase"]
[SourceQuality "1"]

{[%evp 19,63,18,22,0,0,0,10,8,14,0,0,0,2,2,9,4,38,18,41,26,32,29,41,50,60,53,54,39,45,25,45,12,17,0,8,16,18,-381,685,-384,685,656,674,641,1229,963]} 1. d4 e6 2. c4 Bb4+ 3. Bd2 Bxd2+ 4. Qxd2 Nf6 5. Nc3 O-O 6. Nf3 d5 7. e3 b6 8. cxd5 Nxd5 9. Be2 Bb7 10. O-O Nd7 11. Rfe1 $146 {E11: Bogo-Indian} ({Predecessor:} 11. Rfd1 c5 12. Nb5 cxd4 13. e4 N5f6 14. e5 Nd5 15. Qxd4 Ba6 16. Rac1 Qe7 17. Bc4 Bxb5 18. Bxb5 Rad8 {½-½ (124) Kunte,A (2535)-Schleifer,M (2340) Montreal 2006}) 11... Qe7 12. Red1 Nxc3 13. bxc3 {The position is equal.} Rfd8 14. a3 c5 15. a4 cxd4 16. cxd4 Rac8 17. Qb2 Be4 18. Ne1 e5 19. a5 exd4 20. Rxd4 bxa5 21. Rxa5 Nf6 22. Rxd8+ {Played: Ra5-e5} 1-0

[Event "Gonzaga Classic Masters 2020"]
[Site "Dublin/"]
[Date "2020.01.25"]
[Round "3.15"]
[White "Brewer, Callum D"]
[Black "Gupta, Utkarsh"]
[Result "1-0"]
[WhiteElo "2134"]
[BlackElo "1853"]
[Annotator "TA"]
[PlyCount "61"]
[EventDate "2020.01.24"]
[EventType "swiss"]
[EventCountry "IRL"]
[SourceTitle "playchess.com"]
[Source "ChessBase"]
[SourceQuality "1"]

{[%evp 19,60,68,43,46,75,71,62,40,47,31,116,110,104,110,139,130,115,128,135,137,129,92,104,102,468,465,445,456,446,443,562,543,538,315,29985,29985,29987,29988,29988,29989,29997,29998,29999]} 1. e4 e6 2. d4 d5 3. Nd2 dxe4 4. Nxe4 Nd7 5. g3 Ngf6 6. Nxf6+ Nxf6 7. Bg2 Be7 8. Nf3 O-O 9. O-O c5 10. dxc5 Bxc5 11. Qe2 {C10: French with 3 Nc3: Unusual Black 3rd moves and 3...dxe4} Qb6 12. Ne5 Rd8 13. c3 {White is slightly better.} a5 {[#]} 14. Bg5 $146 ({Predecessor:} 14. b3 Bd7 15. Bb2 Be8 16. Rad1 Rab8 17. c4 Qc7 18. Rd3 {½-½ (42) Ivanchuk,V (2738)-Roiz,M (2589) Israel 2014}) 14... Be7 ({Black should play} 14... h6 $14 15. Nc4 Qc7 16. Bxf6 gxf6) 15. Rad1 $16 h6 16. Be3 Qc7 {And now ...Rxd1 would win.} 17. Nc4 {Strongly threatening Bb6.} Rxd1 18. Rxd1 {Threatens to win with Bb6.} Ra6 19. Bf4 Qc5 20. Rd4 b5 21. Ne5 {Black must now prevent a4.} Nd5 $2 {[%mdl 8192]} (21... g5 $16) 22. Qh5 $18 g6 {[#]} 23. Nxg6 $1 {[%mdl 512] Intending Ne5 and mate.} Nxf4 {[#]} (23... fxg6 24. Qxg6+) 24. Rd8+ $1 {[%mdl 512]} Kg7 (24... Bxd8 25. Qxc5) 25. Nxf4 {Be4 is the strong threat.} e5 26. Rd5 Qc4 $2 (26... Qc7 $18) 27. Qxe5+ {[%mdl 64] Double Attack. White mates.} Bf6 28. Nh5+ Kf8 29. Nxf6 Re6 30. Rd8+ Kg7 31. Rg8# {Accuracy: White = 77%, Black = 35%.} 1-0